[Event "Europe Echecs online op April"]
[Site "Europe Echecs INT"]
[Date "2020.04.11"]
[Round "8"]
[White "Fontana, Giulio"]
[Black "Christian, Paul"]
[Result "0-1"]
[WhiteElo "1813"]
[BlackElo "1500"]
[PlyCount "40"]
[EventDate "2020.04.11"]
[EventType "swiss (blitz)"]
[EventRounds "11"]
[EventCountry "FRA"]
[SourceTitle "EXT 2021"]
[Source "ChessBase"]
[SourceDate "2020.10.23"]
[SourceVersion "1"]
[SourceVersionDate "2020.10.23"]
[SourceQuality "1"]

1. d4 Nf6 2. Nf3 g6 3. e3 Bg7 4. Bd3 d6 5. 0-0 0-0 6. Nbd2 Nc6 7. c3 e5 8. e4 Nh5 9. d5 Ne7 10. Nb3 f5 11. Bg5 f4 12. Rc1 h6 13. Bxe7 Qxe7 14. c4 g5 15. Nxe5 Bxe5 16. Qxh5 Qg7 17. Qe2 f3 18. gxf3 Bh3 19. Rfe1 Qf6 20. c5 Qf4 0-1

[Event "Terre degli Elimi op 4th"]
[Site "Erice"]
[Date "2013.07.27"]
[Round "6"]
[White "Fontana, Giulio"]
[Black "Milletari, Ruggero"]
[Result "0-1"]
[WhiteElo "1774"]
[BlackElo "1824"]
[PlyCount "66"]
[EventDate "2013.07.24"]
[EventType "swiss"]
[EventRounds "7"]
[EventCountry "ITA"]
[SourceTitle "EXT 2015"]
[Source "ChessBase"]
[SourceDate "2014.11.20"]
[SourceVersion "1"]
[SourceVersionDate "2014.11.20"]
[SourceQuality "1"]

1. d4 d5 2. e4 e6 3. e5 c5 4. c3 Nc6 5. Nf3 Qb6 6. Be2 Bd7 7. 0-0 Rc8 8. a3 Nge7 9. b4 cxd4 10. cxd4 Nf5 11. Be3 Be7 12. Nc3 Nxe3 13. fxe3 Nxb4 14. Na4 Bxa4 15. Qxa4+ Nc6 16. Rab1 Qc7 17. Qb3 0-0 18. Rfc1 a6 19. Qxb7 Qxb7 20. Rxb7 Nxd4 21. Rxc8 Nxe2+ 22. Kf2 Rxc8 23. Rxe7 Nc3 24. Ra7 Ne4+ 25. Kf1 Nc5 26. Nd4 g6 27. Ke2 Rb8 28. Rc7 Rb2+ 29. Kf3 Nd3 30. Nc2 Nxe5+ 31. Ke2 Nc4 32. Kd3 Ra2 33. Ra7 Nxa3 0-1

[Event "Terre degli Elimi op 4th"]
[Site "Erice"]
[Date "2013.07.27"]
[Round "5"]
[White "Tondo, Salvatore"]
[Black "Fontana, Giulio"]
[Result "1/2-1/2"]
[WhiteElo "1935"]
[BlackElo "1774"]
[PlyCount "140"]
[EventDate "2013.07.24"]
[EventType "swiss"]
[EventRounds "7"]
[EventCountry "ITA"]
[SourceTitle "EXT 2015"]
[Source "ChessBase"]
[SourceDate "2014.11.20"]
[SourceVersion "1"]
[SourceVersionDate "2014.11.20"]
[SourceQuality "1"]

1. e4 c5 2. Nf3 Nc6 3. Bb5 d6 4. d4 cxd4 5. Qxd4 Bd7 6. Bxc6 Bxc6 7. c4 Nf6 8. Nc3 g6 9. 0-0 Bg7 10. h3 0-0 11. Be3 Nxe4 12. Qd3 Nxc3 13. bxc3 Bxf3 14. gxf3 Qd7 15. Kh2 Qe6 16. Rfe1 Qe5+ 17. f4 Qxc3 18. Qe4 Rfe8 19. Qxb7 Qxc4 20. Rac1 Qxa2 21. Rc7 Rab8 22. Qc6 a5 23. Ba7 Qb2 24. Rexe7 Rxe7 25. Rxe7 Qf6 26. Re4 Rb4 27. Re8+ Bf8 28. Be3 Rxf4 29. Bxf4 Qxf4+ 30. Kg1 Qg5+ 31. Kf1 Qc5 32. Qa8 d5 33. Rc8 Qb4 34. Qxd5 a4 35. Ra8 a3 36. Kg2 h6 37. Ra7 Qf4 38. Ra8 Qg5+ 39. Qxg5 hxg5 40. Kf3 Kg7 41. Kg4 Be7 42. Ra7 f5+ 43. Kf3 Kf6 44. Ke2 Ke6 45. f3 Bd6 46. Kd3 Ke5 47. Ra4 Kd5 48. Ra5+ Ke6 49. Kc4 Be7 50. Kb3 Bd6 51. Ra8 Kf6 52. Re8 Kf7 53. Re2 Kg7 54. Kc4 Kh6 55. Kd5 Bf8 56. Re8 Bg7 57. Ra8 Bb2 58. Ke6 Kh5 59. Ra4 f4 60. Kf7 Kh4 61. Kxg6 Kxh3 62. Kf5 Kg3 63. Kxg5 Bc1 64. Kf5 Kxf3 65. Rc4 Be3 66. Rc3 Ke2 67. Rxa3 f3 68. Ke4 f2 69. Rxe3+ Kd2 70. Rf3 Ke1 1/2-1/2

[Event "Terre degli Elimi op 4th"]
[Site "Erice"]
[Date "2013.07.24"]
[Round "1"]
[White "Fontana, Giulio"]
[Black "Martinez, Ayelen"]
[Result "0-1"]
[WhiteElo "1774"]
[BlackElo "2103"]
[PlyCount "36"]
[EventDate "2013.07.24"]
[EventType "swiss"]
[EventRounds "7"]
[EventCountry "ITA"]
[SourceTitle "EXT 2015"]
[Source "ChessBase"]
[SourceDate "2014.11.20"]
[SourceVersion "1"]
[SourceVersionDate "2014.11.20"]
[SourceQuality "1"]

1. d4 Nf6 2. f3 g6 3. e4 d6 4. Be3 Bg7 5. Qd2 Nbd7 6. Na3 c6 7. Bd3 0-0 8. Bh6 Bxh6 9. Qxh6 Qb6 10. 0-0-0 Qxd4 11. Ne2 Qc5 12. g4 Ne5 13. g5 Qe3+ 14. Kb1 Nxf3 15. h4 Ng4 16. Nc4 Qc5 17. Rdf1 Nxh6 18. gxh6 Be6 0-1

[Event "Sicilia Regional-ch"]
[Site "Marsala"]
[Date "2011.06.05"]
[Round "6"]
[White "Fontana, Giulio"]
[Black "Arnetta, Maria Teresa"]
[Result "0-1"]
[WhiteElo "1632"]
[BlackElo "2084"]
[PlyCount "64"]
[EventDate "2011.06.01"]
[EventType "swiss"]
[EventRounds "7"]
[EventCountry "ITA"]
[SourceTitle "EXT 2023"]
[Source "ChessBase"]
[SourceDate "2022.10.05"]
[SourceVersion "1"]
[SourceVersionDate "2022.10.05"]
[SourceQuality "1"]

1. d4 d5 2. e4 dxe4 3. Nc3 Nf6 4. f3 exf3 5. Nxf3 Bg4 6. h3 Bh5 7. g4 Bg6 8. Ne5 e6 9. Be3 c6 10. Qf3 Bb4 11. Nxg6 hxg6 12. Bd3 Qd5 13. 0-0 Qxf3 14. Rxf3 Nbd7 15. Raf1 0-0 16. g5 Nd5 17. Nxd5 cxd5 18. h4 e5 19. Rh3 e4 20. Be2 Bd6 21. Bf4 Bxf4 22. Rxf4 Rac8 23. c3 f6 24. Bg4 f5 25. Be2 Kf7 26. h5 Rh8 27. hxg6+ Kxg6 28. Rfh4 Rxh4 29. Rxh4 Kxg5 30. Rh5+ Kg6 31. Rh2 Nf6 32. Rg2+ Kf7 0-1

[Event "Sicilia Regional-ch"]
[Site "Marsala"]
[Date "2011.06.04"]
[Round "3"]
[White "Savalla, Pietro"]
[Black "Fontana, Giulio"]
[Result "1-0"]
[WhiteElo "1790"]
[BlackElo "1632"]
[PlyCount "99"]
[EventDate "2011.06.01"]
[EventType "swiss"]
[EventRounds "7"]
[EventCountry "ITA"]
[SourceTitle "EXT 2023"]
[Source "ChessBase"]
[SourceDate "2022.10.05"]
[SourceVersion "1"]
[SourceVersionDate "2022.10.05"]
[SourceQuality "1"]

1. d4 d5 2. Nf3 Nf6 3. e3 Bg4 4. Nbd2 e6 5. Bd3 Bd6 6. c3 Nbd7 7. 0-0 0-0 8. e4 dxe4 9. Nxe4 Nxe4 10. Bxe4 Bxf3 11. Qxf3 c6 12. Qh3 Nf6 13. Bc2 g6 14. Bg5 Be7 15. Bh6 Re8 16. Rfe1 Nh5 17. Re5 Ng7 18. Rae1 Bf6 19. R5e3 Bg5 20. Rg3 Bxh6 21. Qxh6 Nf5 22. Bxf5 exf5 23. Rge3 Qd7 24. Qg5 Re6 25. Rxe6 fxe6 26. Qf6 Re8 27. h4 Qe7 28. Qxe7 Rxe7 29. f3 h5 30. Kf2 Kf7 31. Kg3 Kf6 32. Kf4 Re8 33. g4 Rg8 34. Re5 g5+ 35. hxg5+ Rxg5 36. Rxe6+ Kxe6 37. Kxg5 fxg4 38. fxg4 hxg4 39. Kxg4 Kd5 40. Kf4 c5 41. Ke3 b6 42. b3 b5 43. Kd3 a6 44. c4+ bxc4+ 45. bxc4+ Kd6 46. d5 Ke5 47. Kc3 Kd6 48. Kb3 Kc7 49. Ka4 Kb6 50. a3 1-0

[Event "Sicilia Regional-ch"]
[Site "Marsala"]
[Date "2011.06.02"]
[Round "2"]
[White "Fontana, Giulio"]
[Black "La Bella, Noemi"]
[Result "1-0"]
[WhiteElo "1632"]
[BlackElo "1431"]
[PlyCount "73"]
[EventDate "2011.06.01"]
[EventType "swiss"]
[EventRounds "7"]
[EventCountry "ITA"]
[SourceTitle "EXT 2023"]
[Source "ChessBase"]
[SourceDate "2022.10.05"]
[SourceVersion "1"]
[SourceVersionDate "2022.10.05"]
[SourceQuality "1"]

1. e4 e5 2. Nf3 Nc6 3. Bc4 Nf6 4. Nc3 Bc5 5. d3 h6 6. Ne2 d6 7. h3 0-0 8. Ng3 Be6 9. Bb3 d5 10. exd5 Bxd5 11. 0-0 Re8 12. Be3 Bxe3 13. fxe3 Bxb3 14. axb3 e4 15. Ne1 exd3 16. Nxd3 Rxe3 17. Nf5 Re8 18. Qf3 Nd4 19. Nxd4 Qxd4+ 20. Kh1 Re7 21. Qxb7 Rae8 22. Qxa7 Qh4 23. Qf2 Qg5 24. Rae1 Ne4 25. Rxe4 Rxe4 26. Qxf7+ Kh7 27. Qxc7 Re2 28. Qc6 R8e6 29. Qf3 Rxc2 30. b4 Rf6 31. Nf4 Rc4 32. Qd3+ Rf5 33. Qxc4 Qg3 34. Qe4 g6 35. Qe7+ Kh8 36. Rd1 Qxf4 37. Rd8+ 1-0

[Event "Erice op 1st"]
[Site "Erice"]
[Date "2010.08.01"]
[Round "6"]
[White "Fontana, Giulio"]
[Black "Castelli, Giovanni J"]
[Result "1-0"]
[WhiteElo "1602"]
[BlackElo "1792"]
[PlyCount "63"]
[EventDate "2010.07.28"]
[EventType "swiss"]
[EventRounds "7"]
[EventCountry "ITA"]
[SourceTitle "EXT 2024"]
[Source "ChessBase"]
[SourceDate "2023.10.10"]
[SourceVersion "1"]
[SourceVersionDate "2023.10.10"]
[SourceQuality "1"]

1. e4 Nf6 2. Nc3 d5 3. e5 d4 4. exf6 dxc3 5. fxg7 cxd2+ 6. Qxd2 Qxd2+ 7. Bxd2 Bxg7 8. c3 Bf5 9. Bc4 e6 10. Nf3 0-0 11. Nd4 Bg6 12. 0-0 c6 13. Bb3 a5 14. Bc2 Bxd4 15. Bxg6 Bxf2+ 16. Rxf2 hxg6 17. Bh6 Rd8 18. Bg5 Rd5 19. Be7 Nd7 20. c4 Rd4 21. b3 a4 22. Rff1 Re8 23. Ba3 axb3 24. axb3 Rd3 25. Rad1 Ne5 26. Bb2 Red8 27. Rxd3 Nxd3 28. Bf6 Ra8 29. Rf3 e5 30. Rxd3 Ra1+ 31. Kf2 Ra2+ 32. Ke1 1-0

[Event "Erice op 1st"]
[Site "Erice"]
[Date "2010.07.31"]
[Round "4"]
[White "Mancuso, Fabrizio"]
[Black "Fontana, Giulio"]
[Result "0-1"]
[WhiteElo "1335"]
[BlackElo "1602"]
[PlyCount "94"]
[EventDate "2010.07.28"]
[EventType "swiss"]
[EventRounds "7"]
[EventCountry "ITA"]
[SourceTitle "EXT 2024"]
[Source "ChessBase"]
[SourceDate "2023.10.10"]
[SourceVersion "1"]
[SourceVersionDate "2023.10.10"]
[SourceQuality "1"]

1. e4 c5 2. Nf3 Nc6 3. Nc3 d6 4. d4 cxd4 5. Nxd4 g6 6. Bb5 Bd7 7. Be3 Bg7 8. 0-0 Nf6 9. Re1 Ng4 10. Nxc6 bxc6 11. Bxc6 Nxe3 12. Bxd7+ Qxd7 13. Rxe3 Rb8 14. Rb1 Qb7 15. Qf3 0-0 16. b3 Rfc8 17. Rd1 Rc6 18. Nd5 Rxc2 19. Re2 Rbc8 20. Qd3 R2c5 21. Qh3 e6 22. Nf4 Rc2 23. Qd3 Rxe2 24. Qxe2 Qc7 25. h3 d5 26. exd5 Qxf4 27. dxe6 Re8 28. e7 Qc7 29. Rd8 Rxd8 30. e8R+ Rxe8 31. Qxe8+ Bf8 32. g4 Qc1+ 33. Kg2 Qc2 34. Qa4 h6 35. Qxa7 Bc5 36. Qb8+ Bf8 37. a4 Qe4+ 38. Kf1 Qh1+ 39. Ke2 Qxh3 40. Qg3 Qxg3 41. fxg3 Kg7 42. Kd3 Kf6 43. Kc4 Ke6 44. b4 Kd7 45. Kb5 Kc7 46. a5 Bd6 47. Ka6 Bxb4 0-1

[Event "Sicilia Regional-ch"]
[Site "Erice"]
[Date "2009.05.30"]
[Round "1"]
[White "Pascucci, Marco"]
[Black "Fontana, Giulio"]
[Result "1-0"]
[WhiteElo "2022"]
[BlackElo "1545"]
[PlyCount "77"]
[EventDate "2009.05.30"]
[EventType "swiss"]
[EventRounds "7"]
[EventCountry "ITA"]
[SourceTitle "EXT 2011"]
[Source "ChessBase"]
[SourceDate "2010.11.26"]
[SourceVersion "1"]
[SourceVersionDate "2010.11.26"]
[SourceQuality "1"]

1. d4 d5 2. Nc3 Nf6 3. Bg5 e6 4. e4 dxe4 5. Nxe4 Be7 6. Bxf6 Bxf6 7. Nf3 Nc6 8. c3 a6 9. Bd3 b6 10. Qe2 Bb7 11. h4 h6 12. 0-0-0 Qd5 13. Kb1 Na5 14. Rhe1 b5 15. Nc5 Bc6 16. Be4 Qc4 17. Bxc6+ Nxc6 18. Qe4 0-0 19. Qxc6 Rfd8 20. Nd2 Qd5 21. Qxd5 Rxd5 22. Nf3 Be7 23. Nd3 Rdd8 24. Nde5 Bf6 25. Re2 Rac8 26. Nd3 a5 27. g4 Be7 28. Re5 c6 29. g5 h5 30. g6 fxg6 31. Rxe6 Bf6 32. Nfe5 Bxh4 33. Nxg6 Kf7 34. Rde1 Bf6 35. Ne7 Bxe7 36. Rxe7+ Kg8 37. Rg1 g5 38. Re5 g4 39. f3 1-0